| 000 | 00992cam a22003017a 4500 | ||
|---|---|---|---|
| 003 | CHAP | ||
| 005 | 20220329133129.0 | ||
| 008 | 971013s1986 mx a r 00010 spa d | ||
| 010 | _a2502 | ||
| 011 | _a3474 | ||
| 035 | _a2674 | ||
| 040 | _cCHAP | ||
| 082 | 0 | 4 |
_a633.2 _bE38 |
| 100 | 0 | 0 |
_aEguiarte Vázquez, Juan Alfonso. _935766 |
| 245 | 1 | 0 | _aActualización sobre producción de forrajes en la Costa del Pacífico |
| 260 |
_aGuadalajara, Jal. : _bINIFAP, _c1986 |
||
| 300 |
_ac.a. 194 p. : _bgráfs. |
||
| 590 |
_aBATCH-UPD _b10 _c20130110 _lUCH01 _h2053 |
||
| 590 |
_aBATCH-UPD _b10 _c20130410 _lUCH01 _h1406 |
||
| 590 |
_aBATCH-UPD _b10 _c20130914 _lUCH01 _h1429 |
||
| 590 |
_aCONVERSION _b10 _c20130109 _lUCH01 _h1303 |
||
| 650 | 1 | 4 |
_aForrajes _xRendimiento. _942593 |
| 700 | 0 |
_aValencia Z., Mario. _9117450 |
|
| 901 | _aBK | ||
| 942 | _cLIBRO | ||
| 949 |
_a633.2 E38 _bBC _cLIBRO _d-12180 _eLIBRO _h80957 _i2674 _mD _si |
||
| 949 |
_a633.2 E38 _bBC _cLIBRO _d33724000225405 _eLIBRO _fc.2 _h81120 _i2674 _si |
||
| 999 |
_c2502 _d2502 |
||